000 01058nam a2200313Ia 4500
001 59056
005 20230410132728.0
008 080211s2007 sp abd rb 001 0 spa d
035 _a(OCoLC)ocn191901861
040 _aUIA
_bspa
_cUIA
020 _a9788483067147
020 _a8483067145
035 _a(OCoLC)191901861
050 1 4 _aQ 180.55
_bD925h.2007
049 _aGRAL
100 1 _aLozano Leyva, Manuel
245 1 4 _aLos hilos de Aradna :
_bdiez descubrimientos cientificos que cambiaron la vision del mundo /
_cManuel Lozano Leyva.
246 2 0 _aDiez descubrimientos cientâificos que cambiaron la vision del mundo
250 _a2a ed.
260 _aBarcelona :
_bDebate,
_c2007.
300 _a521 p. :
_bil., diagrs., mapas, retrs. ;
_c23 cm.
440 0 _aCiencia
504 _aIncluye referencias bibliogrâaficas e âindice.
650 4 _aDescubriminetos en la ciencia
856 4 2 _3Mas?... busque en WorldCat (solo desde FUNGLODE)
_uwww.firstsearch.oclc.org/fsip
942 _2lcc
_cbk
946 _amfcruz
994 _aC0
_bDRFGD
999 _c86649
_d86649